000 00297nam a22001217a 4500
040 _cRUA
082 _aSUP THO 2013 C051 Or.
100 _aTHO KIM EANG,
245 _aThe Cambodian Agrinatura Research Workshop,
260 _aPHNOM PENH
_bRUA
_c2013
300 _a129p.
_bill.
_c29cm,
942 _cREC
999 _c25481
_d25481